Normal view
MARC view
- THIBODEAU, GARY A
Entry Personal Name
001 - CONTROL NUMBER
- control field: 75132
003 - CONTROL NUMBER IDENTIFIER
- control field: NUST
005 - DATE AND TIME OF LATEST TRANSACTION
- control field: 20210628205348.0
008 - FIXED-LENGTH DATA ELEMENTS
- fixed length control field: 210628|| aca||aabn | a|a d
040 ## - CATALOGING SOURCE
- Original cataloging agency: NUST
- Transcribing agency: NUST
100 ## - HEADING--PERSONAL NAME
- Personal name: THIBODEAU, GARY A
670 ## - SOURCE DATA FOUND
- Source citation: Work cat.: (NUST): Booher, James M 75130, Athletic injury assessment, 2004
